000 00489nam a2200145Ia 4500
008 230917s9999||||xx |||||||||||||| ||und||
040 _e176117
_aMAIN
041 _aEnglish
082 _a891.431721 SR19:SS
100 _aशर्मा, सुरेश , संपा.
245 0 _aरधुवीर सहाय रचनावली. 6 खण्ड
260 _aनई दिल्ली
_bराजकमल प्रकाशन
_c2000
300 _a669 पृ. p.
942 _cHN
999 _c104544
_d104544